[Event "British Chess Championships 2023: "]
[Site "The Venue, De Montfort University, 20 Western Boulevard, Leicester, LE2 7BU"]
[Date "2023.07.22"]
[Round "3"]
[Board "15"]
[White "Clark, Jack"]
[Black "Jelfs, David"]
[Result "1-0"]
[WhiteElo "1400"]
[BlackElo "1206"]
[PlyCount "25"]
[EventDate "2023.07.21"]
[EventRounds "5"]
[EventCountry "ENG"]

1. d4 Nf6 2. Bf4 g6 3. e3 Bg7 4. c3 O-O 5. Nd2 Nc6 6. Ngf3 d6 7. Bc4 Re8 8. Qb3 e6
9. O-O-O d5 10. Bb5 Qd7 11. Ne5 Qd8 12. Nxc6 bxc6 13. Bxc6  1-0

[Event "British Chess Championships 2023: "]
[Site "The Venue, De Montfort University, 20 Western Boulevard, Leicester, LE2 7BU"]
[Date "2023.07.22"]
[Round "3"]
[Board "16"]
[White "Glasbey, Billy"]
[Black "Vernon, Colin G"]
[Result "1/2-1/2"]
[WhiteElo "1137"]
[BlackElo "1392"]
[PlyCount "61"]
[EventDate "2023.07.21"]
[EventRounds "5"]
[EventCountry "ENG"]

1. d4 d5 2. Nf3 Nf6 3. Bf4 Bf5 4. e3 a6 5. c4 c6 6. Bd3 Bg6 7. O-O e6 8. b3 Bd6 9.
Bxd6 Qxd6 10. c5 Qc7 11. Qd2 Ne4 12. Bxe4 Bxe4 13. Qe2 Nd7 14. Nbd2 Nf6 15. Nxe4
Nxe4 16. Ne5 O-O 17. f3 f6 18. fxe4 fxe5 19. Rxf8+ Rxf8 20. Rf1 Rxf1+ 21. Kxf1 dxe4
22. Qg4 Qf7+ 23. Kg1 Qf5 24. Qxf5 exf5 25. Kf2 exd4 26. exd4 Kf7 27. Ke3 Ke6 28.
Kf4 h6 29. g4 g5+ 30. Ke3 a5 31. a4  1/2-1/2

[Event "British Chess Championships 2023: "]
[Site "The Venue, De Montfort University, 20 Western Boulevard, Leicester, LE2 7BU"]
[Date "2023.07.22"]
[Round "3"]
[Board "18"]
[White "Clare, Philip"]
[Black "Ewart, Thomas"]
[Result "1-0"]
[WhiteElo "1355"]
[BlackElo "1002"]
[PlyCount "59"]
[EventDate "2023.07.21"]
[EventRounds "5"]
[EventCountry "ENG"]

1. c4 c5 2. Nc3 Nf6 3. g3 g6 4. Bg2 Nc6 5. e4 e5 6. Nge2 Bg7 7. O-O O-O 8. d3 b6
9. Bg5 Bb7 10. Nd5 Nb4 11. Nec3 Nbxd5 12. Nxd5 Bxd5 13. exd5 d6 14. Qd2 Qe7 15. Rae1
a5 16. f4 h6 17. fxe5 Ne4 18. Bxe7 Nxd2 19. Bxf8 Nxf1 20. Bxg7 Nxg3 21. hxg3 Kxg7
22. e6 fxe6 23. dxe6 Re8 24. Bd5 Kf6 25. Rf1+ Ke7 26. Rf7+ Kd8 27. Rf6 Rg8 28. Rf7
Kc8 29. Ra7 g5 30. Ra8+  1-0

[Event "British Chess Championships 2023: "]
[Site "The Venue, De Montfort University, 20 Western Boulevard, Leicester, LE2 7BU"]
[Date "2023.07.22"]
[Round "3"]
[Board "19"]
[White "Dairi, Mahmoud"]
[Black "Ware, Adam"]
[Result "0-1"]
[WhiteElo "1289"]
[BlackElo "1483"]
[PlyCount "64"]
[EventDate "2023.07.21"]
[EventRounds "5"]
[EventCountry "ENG"]

1. e4 c6 2. Nf3 d5 3. exd5 cxd5 4. d4 Bg4 5. Nc3 Nc6 6. Be2 e6 7. h3 Bxf3 8. Bxf3
Qb6 9. Ne2 Nf6 10. c3 Be7 11. Qc2 Rc8 12. Be3 O-O 13. O-O Ne8 14. Nf4 Nd6 15. a3
Nf5 16. Be2 Ncxd4 17. Bxd4 Nxd4 18. Qd2 Nxe2+ 19. Nxe2 Bf6 20. Rfd1 h6 21. Rac1 Bg5
22. Nf4 Qd6 23. g3 Rc4 24. Qe2 Bxf4 25. gxf4 Qxf4 26. Kh1 Re4 27. Qc2 Qf3+ 28. Kg1
Re2 29. Qxe2 Qxe2 30. b4 Rc8 31. Rf1 Qd3 32. Rfd1 Qxh3  0-1

[Event "British Chess Championships 2023: "]
[Site "The Venue, De Montfort University, 20 Western Boulevard, Leicester, LE2 7BU"]
[Date "2023.07.22"]
[Round "3"]
[Board "20"]
[White "Kelly, Martin"]
[Black "Dairi, Daniella"]
[Result "1-0"]
[WhiteElo "1429"]
[BlackElo "964"]
[PlyCount "41"]
[EventDate "2023.07.21"]
[EventRounds "5"]
[EventCountry "ENG"]

1. e4 e5 2. Nc3 Bb4 3. Nd5 Ba5 4. b4 Bb6 5. Nxb6 axb6 6. Bc4 Nh6 7. d4 Qe7 8. a3
Nc6 9. b5 Nb4 10. Bxh6 gxh6 11. c3 Nd5 12. Bxd5 Rxa3 13. Qc1 Rxa1 14. Qxa1 exd4 15.
cxd4 Qb4+ 16. Kf1 Qxb5+ 17. Ne2 c6 18. Ba2 c5 19. dxc5 Qxc5 20. Qxh8+ Ke7 21. Qc3
 1-0

[Event "British Chess Championships 2023: "]
[Site "The Venue, De Montfort University, 20 Western Boulevard, Leicester, LE2 7BU"]
[Date "2023.07.22"]
[Round "3"]
[Board "21"]
[White "Gillibrand, David"]
[Black "Matilal, Tamal K"]
[Result "0-1"]
[WhiteElo "1227"]
[BlackElo "1353"]
[PlyCount "80"]
[EventDate "2023.07.21"]
[EventRounds "5"]
[EventCountry "ENG"]

1. e4 e6 2. d4 c5 3. c3 a6 4. Nf3 b5 5. a3 Bb7 6. e5 cxd4 7. cxd4 d6 8. Be2 Nd7 9.
exd6 Bxd6 10. O-O Ngf6 11. Bg5 Qb8 12. h3 Ne4 13. Be3 h6 14. Nc3 f5 15. Bd3 O-O 16.
Qc2 Ndf6 17. Qb3 Re8 18. Rfe1 Nxc3 19. bxc3 Bd5 20. Qd1 f4 21. Bc1 g5 22. Ne5 Qb7
23. f3 Bxe5 24. dxe5 Qa7+ 25. Kh2 Nd7 26. Qe2 Rec8 27. Bd2 Nc5 28. Bc2 h5 29. Qf2
Qg7 30. Bc1 Ra7 31. g3 fxg3+ 32. Qxg3 Rf7 33. f4 gxf4 34. Bxf4 h4 35. Qg4 Qxg4 36.
hxg4 Rxf4 37. Kh3 Ne4 38. Kxh4 Rxc3 39. Rec1 Rcf3 40. Rg1 Nf2  0-1

[Event "British Chess Championships 2023: "]
[Site "The Venue, De Montfort University, 20 Western Boulevard, Leicester, LE2 7BU"]
[Date "2023.07.22"]
[Round "3"]
[Board "22"]
[White "Ewart, Samuel"]
[Black "Walsh, Shaun"]
[Result "1-0"]
[WhiteElo "1086"]
[BlackElo "1323"]
[PlyCount "77"]
[EventDate "2023.07.21"]
[EventRounds "5"]
[EventCountry "ENG"]

1. d4 Nf6 2. c4 e6 3. Nc3 Bb4 4. e3 b6 5. Bd2 Bb7 6. Nf3 Ne4 7. Nxe4 Bxd2+ 8. Nexd2
O-O 9. Bd3 d6 10. O-O Nd7 11. Qc2 Nf6 12. Ne4 Nxe4 13. Bxe4 Bxe4 14. Qxe4 d5 15.
Qd3 c6 16. Ne5 Qd6 17. f4 f6 18. c5 bxc5 19. dxc5 Qc7 20. Ng4 Rab8 21. Qc3 Qf7 22.
b4 Qg6 23. h3 Qe4 24. Rab1 Rb5 25. a4 Rbb8 26. Rb2 Rfc8 27. Ra1 Rb7 28. b5 Rcb8 29.
Raa2 cxb5 30. axb5 Rxb5 31. Rxb5 Rxb5 32. Rxa7 Qb1+ 33. Kh2 h5 34. Nf2 Qf1 35. Nd3
h4 36. Ra1 Qe2 37. c6 Qxe3 38. c7 Rc5 39. Qxc5  1-0

[Event "British Chess Championships 2023: "]
[Site "The Venue, De Montfort University, 20 Western Boulevard, Leicester, LE2 7BU"]
[Date "2023.07.22"]
[Round "3"]
[Board "23"]
[White "Patel, Diah"]
[Black "Vijayanand, Sanjai Rathinam"]
[Result "1-0"]
[WhiteElo "1369"]
[BlackElo "844"]
[PlyCount "59"]
[EventDate "2023.07.21"]
[EventRounds "5"]
[EventCountry "ENG"]

1. e4 e5 2. Nf3 Nc6 3. Nc3 Bc5 4. Nxe5 Nxe5 5. d4 Bxd4 6. Qxd4 Qe7 7. Nd5 Qd6 8.
f4 f6 9. fxe5 fxe5 10. Qc4 c6 11. Nc3 Nf6 12. Be2 Qe7 13. Bg5 d6 14. Bxf6 Qxf6 15.
Rf1 Qh4+ 16. g3 Qe7 17. O-O-O Be6 18. Qb4 O-O-O 19. Rd3 Qg5+ 20. Kb1 Kb8 21. Rxd6
Bd7 22. Rf7 Kc8 23. Na4 Qe3 24. Nc5 b6 25. Ba6+ Kc7 26. Ne6+ Kb8 27. Nxd8 Rxd8 28.
b3 Qg1+ 29. Kb2 Qxh2 30. Rdxd7  1-0

[Event "British Chess Championships 2023: "]
[Site "The Venue, De Montfort University, 20 Western Boulevard, Leicester, LE2 7BU"]
[Date "2023.07.22"]
[Round "3"]
[Board "24"]
[White "Shoulders, Andrew M"]
[Black "Braithwaite, Paul"]
[Result "0-1"]
[WhiteElo "1043"]
[BlackElo "1221"]
[PlyCount "88"]
[EventDate "2023.07.21"]
[EventRounds "5"]
[EventCountry "ENG"]

1. d4 d5 2. Nf3 Nf6 3. Nc3 e6 4. a3 Be7 5. h3 O-O 6. Ne5 Nc6 7. Bf4 Ne4 8. Nxc6 bxc6
9. g3 Nxc3 10. bxc3 Bg5 11. Be5 Bf6 12. Bf4 Re8 13. h4 e5 14. dxe5 Bxe5 15. Qd3 Bxf4
16. gxf4 Qf6 17. Qg3 d4 18. c4 d3 19. cxd3 Qxa1+ 20. Kd2 Rb8 21. e4 Rb1 22. Qg2 Qb2+
23. Ke3 Qxa3 24. Rg1 Re1+ 25. Kf3 Qf8 26. f5 f6 27. h5 h6 28. Qg6 Rxf1 29. Rg3 Kh8
30. Rg4 a5 31. d4 Re7 32. e5 Qf7 33. e6 Qxg6 34. fxg6 Rxe6 35. c5 Ra1 36. Kf4 a4
37. Kf5 Ree1+ 38. Kf4 Bxg4 39. Kxg4 a3 40. d5 cxd5 41. c6 a2 42. Kf4 Rab1 43. Kg3
a1=Q 44. f4 Rg1+  0-1

[Event "British Chess Championships 2023: "]
[Site "The Venue, De Montfort University, 20 Western Boulevard, Leicester, LE2 7BU"]
[Date "2023.07.22"]
[Round "3"]
[Board "25"]
[White "Belur, Ashwin"]
[Black "Wimble, Garry"]
[Result "1-0"]
[WhiteElo "992"]
[BlackElo "1077"]
[PlyCount "111"]
[EventDate "2023.07.21"]
[EventRounds "5"]
[EventCountry "ENG"]

1. e4 e5 2. Nf3 d6 3. d3 Be7 4. Be2 h6 5. Nc3 c6 6. Be3 Be6 7. d4 Bf6 8. dxe5 dxe5
9. Qxd8+ Kxd8 10. Rd1+ Nd7 11. b3 Ne7 12. Na4 Kc7 13. O-O Nc8 14. Rd2 Ncb6 15. Nc5
Nxc5 16. Bxc5 Nd7 17. Bd6+ Kb6 18. a4 g5 19. Ra1 a5 20. b4 Rhe8 21. bxa5+ Rxa5 22.
Bb4 Raa8 23. a5+ Kc7 24. Rd3 Be7 25. Bc3 f6 26. Rdd1 Nc5 27. Nd2 g4 28. Nc4 Nxe4
29. Bb2 Bc5 30. Rf1 Bb4 31. c3 Bc5 32. Ne3 h5 33. g3 Red8 34. Ng2 Rd2 35. Bxg4 hxg4
36. Rae1 Bd5 37. Bc1 Rc2 38. Ne3 Be6 39. Nxc2 Rxa5 40. Rxe4 Bf5 41. Re2 Bd3 42. Rfe1
Bxe2 43. Rxe2 Ra2 44. Be3 b6 45. Bxc5 bxc5 46. Kf1 Rb2 47. Ne3 Rxe2 48. Kxe2 Kd7
49. Nxg4 Ke6 50. Kf3 Kf5 51. Ne3+ Ke6 52. Nc4 f5 53. Na5 Kd6 54. h4 Kd5 55. h5 c4
56. h6  1-0

[Event "British Chess Championships 2023: "]
[Site "The Venue, De Montfort University, 20 Western Boulevard, Leicester, LE2 7BU"]
[Date "2023.07.23"]
[Round "4"]
[Board "1"]
[White "Roychowdhury, Aashita"]
[Black "Tunnacliffe, Alan"]
[Result "1/2-1/2"]
[WhiteElo "1464"]
[BlackElo "1495"]
[PlyCount "95"]
[EventDate "2023.07.21"]
[EventRounds "5"]
[EventCountry "ENG"]

1. e4 c5 2. Bc4 d6 3. d4 cxd4 4. Qxd4 Nc6 5. Qd1 Nf6 6. Nc3 e6 7. Nf3 Be7 8. Be3
O-O 9. O-O a6 10. a3 b5 11. Bb3 Qc7 12. Qe2 h6 13. h3 Bb7 14. Nd4 Nxd4 15. Bxd4 Nd7
16. Qg4 Bf6 17. Bxf6 Nxf6 18. Qf4 Qc5 19. Rfd1 Rad8 20. Rd2 Qe5 21. Qxe5 dxe5 22.
Re2 Rd4 23. Rae1 Rfd8 24. f3 Nh5 25. Kh2 Nf4 26. Rf2 g5 27. g3 Ng6 28. Kg2 Kg7 29.
Ne2 R4d6 30. Nc3 Bc8 31. Nb1 f5 32. exf5 exf5 33. Ree2 Be6 34. Bxe6 Rxe6 35. Rd2
Red6 36. Rfe2 Kf6 37. Rxd6+ Rxd6 38. Nc3 Rd4 39. Kf2 Ne7 40. Ke1 h5 41. Rd2 Rxd2
42. Kxd2 g4 43. fxg4 fxg4 44. hxg4 hxg4 45. Ne4+ Kf5 46. Nd6+ Ke6 47. Ne4 Kf5 48.
Kd3  1/2-1/2

[Event "British Chess Championships 2023: "]
[Site "The Venue, De Montfort University, 20 Western Boulevard, Leicester, LE2 7BU"]
[Date "2023.07.23"]
[Round "4"]
[Board "2"]
[White "Jelfs, Tim"]
[Black "Jardine, Kenneth"]
[Result "1/2-1/2"]
[WhiteElo "1423"]
[BlackElo "1537"]
[PlyCount "73"]
[EventDate "2023.07.21"]
[EventRounds "5"]
[EventCountry "ENG"]

1. Nf3 e6 2. c4 d5 3. cxd5 exd5 4. d4 c5 5. e3 Nc6 6. Nc3 Be6 7. Bb5 a6 8. Bxc6+
bxc6 9. Qa4 Qb6 10. O-O Nf6 11. Qc2 cxd4 12. exd4 Bd6 13. Re1 O-O 14. Bg5 Be7 15.
Na4 Qb5 16. b3 Rac8 17. Rac1 h6 18. Bh4 Ba3 19. Bxf6 Bxc1 20. Qxc1 gxf6 21. Qxh6
Qa5 22. Qxf6 Qd8 23. Qh6 Bf5 24. h4 Bh7 25. Ng5 Bf5 26. g4 Bd3 27. Nc5 Bc2 28. Re2
Bb1 29. Rb2 Bg6 30. h5 Qf6 31. hxg6 Qxg6 32. Qxg6+ fxg6 33. Nxa6 Rf4 34. f3 Rxd4
35. Kf2 Re8 36. Re2 Rxe2+ 37. Kxe2  1/2-1/2

[Event "British Chess Championships 2023: "]
[Site "The Venue, De Montfort University, 20 Western Boulevard, Leicester, LE2 7BU"]
[Date "2023.07.23"]
[Round "4"]
[Board "3"]
[White "Walke, Kedar"]
[Black "Fraser, Roland"]
[Result "0-1"]
[WhiteElo "1178"]
[BlackElo "1437"]
[PlyCount "68"]
[EventDate "2023.07.21"]
[EventRounds "5"]
[EventCountry "ENG"]

1. e4 g6 2. d4 Bg7 3. f4 d5 4. e5 c5 5. Nf3 Nc6 6. dxc5 Nh6 7. Nc3 d4 8. Ne4 O-O
9. Bc4 Bf5 10. Neg5 Qa5+ 11. Bd2 Qxc5 12. Qe2 Nb4 13. Bd3 Bxd3 14. cxd3 Nc2+ 15.
Kf2 Nxa1 16. Rxa1 Qd5 17. Bb4 Qd7 18. h3 Rac8 19. g4 Rc7 20. e6 Qa4 21. a3 Rc2 22.
Nd2 Bf6 23. Kg3 Rxb2 24. Qe1 Qc6 25. Rc1 Rc2 26. Rxc2 Qxc2 27. Qe4 Qc6 28. Qxc6 bxc6
29. exf7+ Nxf7 30. Ne6 Rc8 31. g5 Bg7 32. Bxe7 Re8 33. Nxg7 Rxe7 34. f5 Re3+  0-1

[Event "British Chess Championships 2023: "]
[Site "The Venue, De Montfort University, 20 Western Boulevard, Leicester, LE2 7BU"]
[Date "2023.07.23"]
[Round "4"]
[Board "5"]
[White "Savage, Simon"]
[Black "Lennon, Dominic"]
[Result "0-1"]
[WhiteElo "1357"]
[BlackElo "1457"]
[PlyCount "74"]
[EventDate "2023.07.21"]
[EventRounds "5"]
[EventCountry "ENG"]

1. e4 c6 2. d4 d5 3. exd5 cxd5 4. Nf3 Bg4 5. Be3 Nf6 6. Be2 Bxf3 7. Bxf3 e6 8. O-O
Bd6 9. Nc3 a6 10. Re1 O-O 11. Qd2 Qc7 12. g3 Nbd7 13. a3 e5 14. Nxd5 Nxd5 15. Bxd5
Nf6 16. dxe5 Bxe5 17. Bg2 Bxb2 18. Rab1 Bc3 19. Qe2 Bxe1 20. Rxb7 Qa5 21. Rb1 Bxf2+
22. Bxf2 Rac8 23. Bh3 Rfe8 24. Qd3 Rc3 25. Be1 Qc5+ 26. Bf2 Qxa3 27. Qd1 h5 28. Bf5
g6 29. Bd3 Qd6 30. Rb6 Qe7 31. Rxa6 Ng4 32. Qd2 Nxf2 33. Qxc3 Nh3+ 34. Kg2 Ng5 35.
Qd2 Qb7+ 36. Kf1 Qh1+ 37. Kf2 Nh3#  0-1

[Event "British Chess Championships 2023: "]
[Site "The Venue, De Montfort University, 20 Western Boulevard, Leicester, LE2 7BU"]
[Date "2023.07.23"]
[Round "4"]
[Board "6"]
[White "Jennis, Alistair"]
[Black "Ashworth, Jaime"]
[Result "1-0"]
[WhiteElo "1286"]
[BlackElo "1418"]
[PlyCount "53"]
[EventDate "2023.07.21"]
[EventRounds "5"]
[EventCountry "ENG"]

1. c4 e6 2. Nc3 d5 3. cxd5 exd5 4. d4 c6 5. Qc2 Nf6 6. e3 g6 7. Bd3 Bg7 8. Nge2 O-O
9. O-O Be6 10. Bd2 Nbd7 11. Nc1 Re8 12. Nb3 Nb6 13. Nc5 Qc7 14. Nxe6 Rxe6 15. h3
c5 16. Nb5 Qc8 17. dxc5 Nbd7 18. b4 Ne4 19. Bc3 Nxc3 20. Nxc3 b6 21. Rac1 bxc5 22.
Nxd5 Qb7 23. Be4 Rae8 24. Nf6+ Bxf6 25. Bxb7 cxb4 26. Qa4 Nb6 27. Qxb4  1-0

[Event "British Chess Championships 2023: "]
[Site "The Venue, De Montfort University, 20 Western Boulevard, Leicester, LE2 7BU"]
[Date "2023.07.23"]
[Round "4"]
[Board "7"]
[White "West, Nic"]
[Black "Clark, Jack"]
[Result "0-1"]
[WhiteElo "1100"]
[BlackElo "1400"]
[PlyCount "62"]
[EventDate "2023.07.21"]
[EventRounds "5"]
[EventCountry "ENG"]

1. e4 c5 2. a3 d6 3. b4 Nd7 4. b5 Ngf6 5. Nc3 g6 6. Bc4 Bg7 7. Qf3 Ne5 8. Qe2 O-O
9. Nf3 Nh5 10. Nxe5 Bxe5 11. g3 Be6 12. Rb1 b6 13. Bb2 Nf6 14. Nd5 Bxb2 15. Nxf6+
Bxf6 16. h4 Bxc4 17. Qxc4 e6 18. h5 d5 19. exd5 exd5 20. Qf4 g5 21. Qf5 Re8+ 22.
Kf1 Re5 23. Qf3 Qe7 24. h6 Re8 25. Kg2 Re2 26. Qxd5 Qe4+ 27. Qxe4 R8xe4 28. d3 Re6
29. c4 Bd4 30. Rbf1 Rd2 31. Rh5 f6  0-1

[Event "British Chess Championships 2023: "]
[Site "The Venue, De Montfort University, 20 Western Boulevard, Leicester, LE2 7BU"]
[Date "2023.07.23"]
[Round "4"]
[Board "8"]
[White "Gunarathne, Miheli"]
[Black "Osborne, Keith C"]
[Result "1-0"]
[WhiteElo "982"]
[BlackElo "1386"]
[PlyCount "33"]
[EventDate "2023.07.21"]
[EventRounds "5"]
[EventCountry "ENG"]

1. e4 c5 2. Nf3 Nc6 3. d4 cxd4 4. Nxd4 e5 5. Nf3 Nf6 6. Nbd2 Bc5 7. Bc4 O-O 8. O-O
d6 9. h3 Qb6 10. Ng5 Bd7 11. Nb3 h6 12. Nxf7 Rxf7 13. Bxf7+ Kxf7 14. Nxc5 dxc5 15.
Be3 Rd8 16. Qd6 Nxe4 17. Qd5+  1-0

[Event "British Chess Championships 2023: "]
[Site "The Venue, De Montfort University, 20 Western Boulevard, Leicester, LE2 7BU"]
[Date "2023.07.23"]
[Round "4"]
[Board "9"]
[White "Old, Rob"]
[Black "Miraghaie, John"]
[Result "0-1"]
[WhiteElo "1381"]
[BlackElo "1375"]
[PlyCount "116"]
[EventDate "2023.07.21"]
[EventRounds "5"]
[EventCountry "ENG"]

1. e4 e6 2. d4 d5 3. Nc3 dxe4 4. Nxe4 Nd7 5. Nf3 Ngf6 6. Bd3 Nxe4 7. Bxe4 Nf6 8.
Bd3 c5 9. Be3 Nd5 10. Qd2 Nxe3 11. Qxe3 cxd4 12. Nxd4 Bc5 13. c3 Bxd4 14. cxd4 Qa5+
15. Ke2 O-O 16. Rhe1 Bd7 17. Qe4 g6 18. Qxb7 Rfd8 19. Qf3 Qb4 20. Reb1 Qxd4 21. a3
a6 22. Qe4 Qxe4+ 23. Bxe4 Bb5+ 24. Ke3 Rac8 25. Rd1 f5 26. Bd3 e5 27. Bxb5 Rxd1 28.
Rxd1 axb5 29. Rd5 Rc2 30. Rxb5 e4 31. f3 exf3 32. Kxf3 Rc4 33. Rb4 Rc5 34. a4 Ra5
35. b3 Ra7 36. Rb5 Kf7 37. a5 Ke7 38. b4 Kd7 39. Rb6 Kc7 40. Kf4 Ra8 41. Kg5 Re8
42. b5 Ra8 43. Ra6 Kb7 44. Rxa8 Kxa8 45. Kh6 f4 46. Kxh7 g5 47. Kh6 g4 48. Kh5 f3
49. Kxg4 fxg2 50. h4 g1=Q+ 51. Kh5 Qc5+ 52. Kg6 Qxb5 53. h5 Qe8+ 54. Kg5 Qg8+ 55.
Kf6 Qh7 56. Kg5 Ka7 57. Kh4 Qh6 58. Kg4 Ka6  0-1

[Event "British Chess Championships 2023: "]
[Site "The Venue, De Montfort University, 20 Western Boulevard, Leicester, LE2 7BU"]
[Date "2023.07.23"]
[Round "4"]
[Board "10"]
[White "Boshoff, Nathan"]
[Black "Clare, Philip"]
[Result "0-1"]
[WhiteElo "1378"]
[BlackElo "1355"]
[PlyCount "68"]
[EventDate "2023.07.21"]
[EventRounds "5"]
[EventCountry "ENG"]

1. e4 c5 2. Nf3 Nc6 3. c3 e5 4. d4 cxd4 5. cxd4 exd4 6. Nxd4 Nf6 7. Nxc6 bxc6 8.
Nc3 Bb4 9. Qf3 O-O 10. a3 Bxc3+ 11. bxc3 Nxe4 12. Bd3 Nxc3 13. Bxh7+ Kxh7 14. Qxc3
Re8+ 15. Be3 Ba6 16. Qc2+ g6 17. O-O-O Qa5 18. Bc5 Re2 19. Rd2 Rxd2 20. Qxd2 Qxc5+
21. Kd1 Qd5 22. Qxd5 cxd5 23. Re1 Kg7 24. Re7 Bb5 25. Kd2 Kf8 26. Re5 Bc6 27. Re3
Rb8 28. Rh3 Rb2+ 29. Ke1 Ra2 30. g4 Bb5 31. f4 Re2+ 32. Kd1 Re4 33. f5 Be2+ 34. Kd2
Bxg4  0-1

[Event "British Chess Championships 2023: "]
[Site "The Venue, De Montfort University, 20 Western Boulevard, Leicester, LE2 7BU"]
[Date "2023.07.23"]
[Round "4"]
[Board "11"]
[White "Ashworth, Steven M"]
[Black "Butler, Rene"]
[Result "1/2-1/2"]
[WhiteElo "1498"]
[BlackElo "1269"]
[PlyCount "27"]
[EventDate "2023.07.21"]
[EventRounds "5"]
[EventCountry "ENG"]

1. g4 d5 2. Bg2 Bxg4 3. c4 c6 4. cxd5 cxd5 5. Qb3 Nf6 6. Nc3 e6 7. Qxb7 Nbd7 8. Nb5
Rc8 9. d4 Ne4 10. Bxe4 dxe4 11. Bf4 Bb4+ 12. Kf1 O-O 13. Nxa7 Rc4 14. b3  1/2-1/2

[Event "British Chess Championships 2023: "]
[Site "The Venue, De Montfort University, 20 Western Boulevard, Leicester, LE2 7BU"]
[Date "2023.07.23"]
[Round "4"]
[Board "12"]
[White "Ware, Adam"]
[Black "Szwajkun, Steve"]
[Result "1-0"]
[WhiteElo "1483"]
[BlackElo "1321"]
[PlyCount "63"]
[EventDate "2023.07.21"]
[EventRounds "5"]
[EventCountry "ENG"]

1. d4 d6 2. e4 e6 3. Nc3 Nd7 4. Nf3 h6 5. Be3 g6 6. Bd3 Bg7 7. Qd2 b6 8. Ne2 Bb7
9. c4 c5 10. d5 e5 11. b4 Qc7 12. Rb1 Ngf6 13. h3 cxb4 14. Rxb4 Nc5 15. Bxc5 dxc5
16. Rb3 Qd6 17. Nc3 a6 18. Qb2 Nd7 19. a4 Bf6 20. O-O O-O 21. a5 Bd8 22. axb6 Nxb6
23. Rb1 f5 24. Rxb6 Bxb6 25. Qxb6 Qxb6 26. Rxb6 Rab8 27. Nxe5 Rfd8 28. Rxg6+ Kh7
29. exf5 Re8 30. Nd7 Re1+ 31. Kh2 Rc1 32. Nxb8  1-0

[Event "British Chess Championships 2023: "]
[Site "The Venue, De Montfort University, 20 Western Boulevard, Leicester, LE2 7BU"]
[Date "2023.07.23"]
[Round "4"]
[Board "13"]
[White "Boztas, Lana"]
[Black "Bradley, Eric"]
[Result "1-0"]
[WhiteElo "1481"]
[BlackElo "1289"]
[PlyCount "109"]
[EventDate "2023.07.21"]
[EventRounds "5"]
[EventCountry "ENG"]

1. c4 c6 2. Nc3 d6 3. Nf3 e5 4. d3 h6 5. g3 Bg4 6. Bg2 Nf6 7. O-O Nbd7 8. b3 Be7
9. Bb2 Qc7 10. h3 Be6 11. e4 g5 12. g4 O-O-O 13. b4 Nf8 14. Qa4 Kb8 15. b5 Bd7 16.
Ba3 Ng6 17. Rab1 b6 18. Bc1 Nf4 19. Bxf4 gxf4 20. Rb2 c5 21. Qb3 Bxg4 22. hxg4 Rdg8
23. Nh2 Qd7 24. f3 h5 25. Qd1 h4 26. Bh3 Nh5 27. Kf2 Rg7 28. Rg1 Rhg8 29. Rb1 f5
30. exf5 Ng3 31. Nd5 Rf8 32. a4 Bf6 33. Qd2 e4 34. dxe4 Bd4+ 35. Kg2 Be3 36. Nxe3
fxe3 37. Qxe3 d5 38. exd5 Re8 39. Qf4+ Ka8 40. Rge1 Rge7 41. Re6 Rxe6 42. fxe6 Qh7
43. Rb2 Qg7 44. Qd2 Qe5 45. Rb1 Ne4 46. Qe1 Qf4 47. fxe4 Re7 48. Qf1 Qxe4+ 49. Qf3
Qc2+ 50. Qf2 Qe4+ 51. Kg1 Qxb1+ 52. Bf1 Re8 53. Qf7 Rb8 54. d6 Qe4 55. Bg2  1-0

[Event "British Chess Championships 2023: "]
[Site "The Venue, De Montfort University, 20 Western Boulevard, Leicester, LE2 7BU"]
[Date "2023.07.23"]
[Round "4"]
[Board "14"]
[White "Kilmartin, David"]
[Black "Walton, Alison"]
[Result "1-0"]
[WhiteElo "1451"]
[BlackElo "1191"]
[PlyCount "33"]
[EventDate "2023.07.21"]
[EventRounds "5"]
[EventCountry "ENG"]

1. e4 e5 2. f4 Nc6 3. Nf3 Nf6 4. Nc3 d5 5. exd5 Nxd5 6. fxe5 Bg4 7. d4 Bxf3 8. Qxf3
Nxd4 9. Qe4 Nb4 10. Bd3 Bc5 11. a3 Nxd3+ 12. Qxd3 Qe7 13. Bf4 g5 14. Nd5 Qd8 15.
Nf6+ Kf8 16. Bxg5 Kg7 17. Nh5+  1-0

[Event "British Chess Championships 2023: "]
[Site "The Venue, De Montfort University, 20 Western Boulevard, Leicester, LE2 7BU"]
[Date "2023.07.23"]
[Round "4"]
[Board "15"]
[White "White, Nigel"]
[Black "Ewart, Samuel"]
[Result "1-0"]
[WhiteElo "1434"]
[BlackElo "1086"]
[PlyCount "83"]
[EventDate "2023.07.21"]
[EventRounds "5"]
[EventCountry "ENG"]

1. e4 d6 2. d4 g6 3. Nc3 Bg7 4. Be3 Nf6 5. Nf3 O-O 6. h3 Nbd7 7. Bc4 c5 8. d5 Nb6
9. Qd3 Nxc4 10. Qxc4 e5 11. Nd2 Ne8 12. O-O f5 13. f3 f4 14. Bf2 Qg5 15. Kh1 Qf6
16. a4 h5 17. Kh2 g5 18. Qe2 Qg6 19. g3 fxg3+ 20. Bxg3 g4 21. fxg4 Rxf1 22. Rxf1
hxg4 23. h4 Nf6 24. Nc4 Nh5 25. Ne3 Bh6 26. Nf5 Kh8 27. Nxh6 Qxh6 28. Nd1 Bd7 29.
b3 Nf4 30. Qe3 Rf8 31. Nf2 Qh5 32. Qe1 b6 33. Nd3 Kg7 34. Nxf4 exf4 35. Rxf4 Rxf4
36. Bxf4 c4 37. Bxd6 cxb3 38. cxb3 a6 39. Kg3 Qh6 40. Qc3+ Kf7 41. e5 Qg7 42. e6+
 1-0

[Event "British Chess Championships 2023: "]
[Site "The Venue, De Montfort University, 20 Western Boulevard, Leicester, LE2 7BU"]
[Date "2023.07.23"]
[Round "4"]
[Board "17"]
[White "Miles, Barry S"]
[Black "Glasbey, Billy"]
[Result "1-0"]
[WhiteElo "1407"]
[BlackElo "1137"]
[PlyCount "69"]
[EventDate "2023.07.21"]
[EventRounds "5"]
[EventCountry "ENG"]

1. d4 Nf6 2. c4 g6 3. Nc3 Bg7 4. e4 d6 5. h3 Nbd7 6. Nf3 c5 7. d5 O-O 8. Be2 b6 9.
O-O Bb7 10. Rb1 a5 11. Bf4 Nh5 12. Bh2 Ne5 13. Nxe5 Bxe5 14. Bxe5 dxe5 15. Bxh5 gxh5
16. Qxh5 Ba6 17. Qxe5 Bxc4 18. Rfe1 b5 19. Re3 f6 20. Qg3+ Kf7 21. b3 Rg8 22. Qh2
Qd6 23. Qxd6 exd6 24. bxc4 b4 25. Nb5 Ke7 26. f4 Kd7 27. e5 fxe5 28. fxe5 dxe5 29.
Rxe5 Rg6 30. Rbe1 Rag8 31. g4 h6 32. Re7+ Kd8 33. R7e6 Rg5 34. Nd6 h5 35. Nf7+  1-0